Cultural Diversity in Sports Traditions Around the World diplomová práca

Gespeichert in:
Bibliographische Detailangaben
1. Verfasser: Kollár, Roman Maximilián
Körperschaft: Fakulta aplikovaných jazykov EU v Bratislave. Katedra interkultúrnej komunikácie
Weitere Verfasser: Strelinger, Ján, 1964-
Format: Buch
Sprache:Englisch
Veröffentlicht: Bratislava 2024
Tags: Tag hinzufügen
Keine Tags, Fügen Sie das erste Tag hinzu!

MARC

LEADER 00000nbm a2200000 4500
001 0300555
005 20250919091245.8
041 0 |a eng 
044 |a SK 
245 1 0 |a Cultural Diversity in Sports Traditions Around the World  |b diplomová práca  |c Roman Maximilián Kollár ; školiteľ: Ján Strelinger 
264 1 |a Bratislava  |c 2024 
300 |a 76 s. 
100 1 |a Kollár, Roman Maximilián 
700 1 |a Strelinger, Ján, 1964- 
710 2 |a Fakulta aplikovaných jazykov EU v Bratislave. Katedra interkultúrnej komunikácie